000 00426nam a2200169 a 4500
001 0000-8812
003 ELIB.Books
008 110520 1976
035 _a(ELIB.Books)0000-8958
082 _a248.4
_bCro
100 _aCrowley, Mary C.
245 _aThink Mink!
260 _bOld Tappan: Fleming H. Revell Company
_c1976
650 _aChristian Life
942 _2ddc
_cBK
998 _cbat
_e2011-05-20
999 _c8812
_d8812